000 00729nam a2200229Ia 4500
001 5874
005 20250815164323.0
008 160825s2003 mx a g 000 0 spa
020 _a9700739562
040 _aCO-BoRNBP
_bspa
_erda
_cCO-BoRNBP
082 0 4 _a922.22
_bA38c
100 1 _aAgustín, Santo,
_d354-430
_962410
245 1 0 _aConfesiones
_cSan Agustín ; versión, introducción y notas de Francisco Montes de Oca
250 _a15a. edición
264 _aMéxico
_bPorrúa
_c2003
300 _a335 páginas
_bilustraciones
_c19 cm
336 _atexto
_btxt
_2rdacontent
337 _asin mediación
_bn
_2rdamedia
338 _avolumen
_bnc
_2rdacarrier
650 1 4 _2LEMB
_aFilosofía antigua
_914999
942 _2ddc
_cBK
999 _c5874
_d5874